[Event "Stay Safe Play From Home 422"]
[Site "Emanuel Lasker Arena"]
[Date "2020.08.30"]
[Round "1"]
[White "Hickey"]
[Black "Kongle"]
[Result "1-0"]
[WhiteElo "2070"]
[BlackElo "1773"]
[PlyCount "151"]
[EventDate "2020.08.30"]
[EventType "swiss (blitz)"]

1. d4 {[%emt 0:00:04]} Nf6 {[%emt 0:00:08]} 2. Nf3 {[%emt 0:00:08]} d6 {[%emt 0:00:04]} 3. b3 {[%emt 0:00:05]} Bf5 {[%emt 0:00:04]} 4. Bb2 {[%emt 0:00:00]} Nc6 {[%emt 0:00:04]} 5. e3 {[%emt 0:00:08]} d5 {[%emt 0:00:03]} 6. Be2 {[%emt 0:00:06]} e6 {[%emt 0:00:02]} 7. O-O {[%emt 0:00:06]} Bd6 {[%emt 0:00:02]} 8. c4 {[%emt 0:00:02]} dxc4 {[%emt 0:00:02]} 9. bxc4 {[%emt 0:00:08]} h6 {[%emt 0:00:02]} 10. Nc3 {[%emt 0:00:02]} O-O {[%emt 0:00:17]} 11. Qb3 {[%emt 0:00:05]} Na5 {[%emt 0:00:08]} 12. Qa4 {[%emt 0:00:02]} c6 {[%emt 0:00:01]} 13. Ba3 {[%emt 0:00:06]} Bxa3 {[%emt 0:00:06]} 14. Qxa3 {[%emt 0:00:00]} Rc8 {[%emt 0:00:07]} 15. Rac1 {[%emt 0:00:03]} c5 {[%emt 0:00:18]} 16. Rfd1 {[%emt 0:00:02]} cxd4 {[%emt 0:00:03]} 17. Nxd4 {[%emt 0:00:09]} Nxc4 {[%emt 0:00:10]} 18. Bxc4 {[%emt 0:00:06]} Rxc4 {[%emt 0:00:17]} 19. Nxf5 {[%emt 0:00:05]} Qc7 {[%emt 0:00:01]} 20. Ng3 {[%emt 0:00:08]} b5 {[%emt 0:00:08]} 21. Nxb5 {[%emt 0:00:02]} Rxc1 {[%emt 0:00:09]} 22. Rxc1 {[%emt 0:00:00]} Qe5 {[%emt 0:00:09]} 23. Nd4 {[%emt 0:00:06]} Rb8 {[%emt 0:00:15]} 24. Qxa7 {[%emt 0:00:04]} Rb2 {[%emt 0:00:06]} 25. Qa3 {[%emt 0:00:09]} Rd2 {[%emt 0:00:13]} 26. Rb1 {[%emt 0:00:07]} Ne4 {[%emt 0:00:11]} 27. Qb4 {[%emt 0:00:14]} Rxf2 {[%emt 0:00:14]} 28. Qb8+ {[%emt 0:00:30]} Qxb8 {[%emt 0:00:07]} 29. Rxb8+ {[%emt 0:00:00]} Kh7 {[%emt 0:00:01]} 30. Nxe4 {[%emt 0:00:08]} Rxa2 {[%emt 0:00:02]} 31. Nd6 {[%emt 0:00:02]} e5 {[%emt 0:00:07]} 32. N4f5 {[%emt 0:00:05]} g6 {[%emt 0:00:02]} 33. Ng3 {[%emt 0:00:15]} Ra7 {[%emt 0:00:06]} 34. Rb7 {[%emt 0:00:02]} Rxb7 {[%emt 0:00:08]} 35. Nxb7 {[%emt 0:00:04]} f5 {[%emt 0:00:00]} 36. Nd6 {[%emt 0:00:04]} Kg7 {[%emt 0:00:01]} 37. e4 {[%emt 0:00:03]} f4 {[%emt 0:00:03]} 38. Nf1 {[%emt 0:00:02]} Kf6 {[%emt 0:00:01]} 39. Nd2 {[%emt 0:00:00]} Ke6 {[%emt 0:00:01]} 40. N6c4 {[%emt 0:00:01]} g5 {[%emt 0:00:02]} 41. Nf3 {[%emt 0:00:00]} g4 {[%emt 0:00:09]} 42. Nfxe5 {[%emt 0:00:00]} h5 {[%emt 0:00:01]} 43. h3 {[%emt 0:00:01]} g3 {[%emt 0:00:05]} 44. Kf1 {[%emt 0:00:02]} Kf6 {[%emt 0:00:01]} 45. Ke2 {[%emt 0:00:00]} Ke6 {[%emt 0:00:01]} 46. Kf3 {[%emt 0:00:00]} Kf6 {[%emt 0:00:01]} 47. Kxf4 {[%emt 0:00:00]} h4 {[%emt 0:00:01]} 48. Kg4 {[%emt 0:00:02]} Ke6 {[%emt 0:00:01]} 49. Kxh4 {[%emt 0:00:00]} Kf6 {[%emt 0:00:01]} 50. Kxg3 {[%emt 0:00:00]} Ke6 {[%emt 0:00:01]} 51. Kf4 {[%emt 0:00:00]} Kf6 {[%emt 0:00:00]} 52. g4 {[%emt 0:00:01]} Ke6 {[%emt 0:00:01]} 53. h4 {[%emt 0:00:00]} Kf6 {[%emt 0:00:01]} 54. g5+ {[%emt 0:00:00]} Ke6 {[%emt 0:00:01]} 55. h5 {[%emt 0:00:00]} Ke7 {[%emt 0:00:02]} 56. Kf5 {[%emt 0:00:00]} Kf8 {[%emt 0:00:02]} 57. Ng4 {[%emt 0:00:00]} Kg7 {[%emt 0:00:01]} 58. Nce3 {[%emt 0:00:00]} Kh7 {[%emt 0:00:01]} 59. Nd1 {[%emt 0:00:00]} Kg7 {[%emt 0:00:01]} 60. Ndf2 {[%emt 0:00:00]} Kh7 {[%emt 0:00:00]} 61. Nh1 {[%emt 0:00:00]} Kg7 {[%emt 0:00:00]} 62. Ng3 {[%emt 0:00:00]} Kh7 {[%emt 0:00:00]} 63. Ne3 {[%emt 0:00:00]} Kg7 {[%emt 0:00:00]} 64. Nef1 {[%emt 0:00:00]} Kh7 {[%emt 0:00:00]} 65. Nd2 {[%emt 0:00:00]} Kg7 {[%emt 0:00:00]} 66. Nf3 {[%emt 0:00:00]} Kh7 {[%emt 0:00:00]} 67. Ne2 {[%emt 0:00:00]} Kg7 {[%emt 0:00:00]} 68. Nf4 {[%emt 0:00:00]} Kh7 {[%emt 0:00:00]} 69. Nh2 {[%emt 0:00:00]} Kg7 {[%emt 0:00:00]} 70. Ng4 {[%emt 0:00:00]} Kh7 {[%emt 0:00:00]} 71. h6 {[%emt 0:00:01]} Kh8 {[%emt 0:00:04]} 72. g6 {[%emt 0:00:00]} Kg8 {[%emt 0:00:01]} 73. Ne5 {[%emt 0:00:00]} Kh8 {[%emt 0:00:01]} 74. Nd5 {[%emt 0:00:00]} Kg8 {[%emt 0:00:01]} 75. Nf6+ {[%emt 0:00:01]} Kh8 {[%emt 0:00:00]} 76. Nf7# {[%emt 0:00:01] (Lag: Av=0.70s, max=1.1s) (Lag: Av=0.70s, max=1.1s) (Lag: Av=0.70s, max=1.1s)} 1-0

[Event "Stay Safe Play From Home 422"]
[Site "Emanuel Lasker Arena"]
[Date "2020.08.30"]
[Round "1"]
[White "Ionelluca"]
[Black "Ansari11"]
[Result "1-0"]
[WhiteElo "2033"]
[BlackElo "1434"]
[Annotator "NA"]
[PlyCount "29"]
[EventDate "2020.08.30"]
[EventType "swiss (blitz)"]

1. e4 {[%emt 0:00:02]} e5 {[%emt 0:00:02]} 2. Bc4 {[%emt 0:00:02]} Nc6 {[%emt 0:00:01]} 3. Nf3 {[%emt 0:00:02]} Bc5 {[%emt 0:00:01]} 4. b4 {[%emt 0:00:02]} Bxb4 {[%emt 0:00:02]} 5. c3 {[%emt 0:00:01]} Bc5 {[%emt 0:00:04]} 6. O-O {[%emt 0:00:03]} Nf6 {[%emt 0:00:03]} 7. d4 {[%emt 0:00:01]} exd4 {[%emt 0:00:02]} 8. e5 {[%emt 0:00:01]} Ng8 {[%emt 0:00:20]} 9. cxd4 {[%emt 0:00:02]} Bb6 {[%emt 0:00:03]} 10. a4 {[%emt 0:00:31]} a5 {[%emt 0:00:06]} 11. Qb3 {[%emt 0:00:02]} Qe7 {[%emt 0:00:08]} 12. Ba3 {[%emt 0:00:04]} d6 {[%emt 0:00:03]} 13. exd6 {[%emt 0:00:02]} cxd6 {[%emt 0:00:05]} 14. Re1 {[%emt 0:00:01]} Be6 {[%emt 0:00:04]} 15. Bxe6 {[%emt 0:00:02] (Lag: Av=0.98s, max=1.4s) (Lag: Av=0.98s, max=1.4s) (Lag: Av=0.98s, max=1.4s)} 1-0

[Event "Stay Safe Play From Home 422"]
[Site "Emanuel Lasker Arena"]
[Date "2020.08.30"]
[Round "1"]
[White "Haris kollari 13"]
[Black "W Nelles"]
[Result "1-0"]
[WhiteElo "1931"]
[BlackElo "1347"]
[Annotator "NA"]
[PlyCount "89"]
[EventDate "2020.08.30"]
[EventType "swiss (blitz)"]

1. e4 {[%emt 0:00:03]} e5 {[%emt 0:00:01]} 2. Nf3 {[%emt 0:00:02]} Nc6 {[%emt 0:00:01]} 3. Bb5 {[%emt 0:00:01]} d6 {[%emt 0:00:04]} 4. c4 {[%emt 0:00:01]} Bd7 {[%emt 0:00:02]} 5. a3 {[%emt 0:00:02]} a6 {[%emt 0:00:01]} 6. Ba4 {[%emt 0:00:01]} Nge7 {[%emt 0:00:05]} 7. b4 {[%emt 0:00:03]} b5 {[%emt 0:00:02]} 8. cxb5 {[%emt 0:00:02]} axb5 {[%emt 0:00:02]} 9. Bxb5 {[%emt 0:00:01]} Nd4 {[%emt 0:00:03]} 10. Nxd4 {[%emt 0:00:03]} exd4 {[%emt 0:00:02]} 11. Qe2 {[%emt 0:00:11]} Bxb5 {[%emt 0:00:03]} 12. Qxb5+ {[%emt 0:00:02]} Qd7 {[%emt 0:00:01]} 13. Qxd7+ {[%emt 0:00:01]} Kxd7 {[%emt 0:00:02]} 14. Bb2 {[%emt 0:00:02]} c5 {[%emt 0:00:04]} 15. d3 {[%emt 0:00:01]} Nc6 {[%emt 0:00:04]} 16. b5 {[%emt 0:00:04]} Ne5 {[%emt 0:00:01]} 17. Kd2 {[%emt 0:00:03]} Be7 {[%emt 0:00:04]} 18. a4 {[%emt 0:00:01]} Rhb8 {[%emt 0:00:02]} 19. Rc1 {[%emt 0:00:01]} g6 {[%emt 0:00:04]} 20. f4 {[%emt 0:00:01]} Ng4 {[%emt 0:00:07]} 21. h3 {[%emt 0:00:11]} Nh6 {[%emt 0:00:04]} 22. Ke2 {[%emt 0:00:10]} f6 {[%emt 0:00:03]} 23. Nd2 {[%emt 0:00:01]} Nf7 {[%emt 0:00:02]} 24. Nc4 {[%emt 0:00:02]} Rb7 {[%emt 0:00:07]} 25. b6 {[%emt 0:00:07]} Kc6 {[%emt 0:00:06]} 26. a5 {[%emt 0:00:01]} f5 {[%emt 0:00:11]} 27. Nd2 {[%emt 0:00:09]} g5 {[%emt 0:00:15]} 28. g3 {[%emt 0:00:05]} gxf4 {[%emt 0:00:10]} 29. gxf4 {[%emt 0:00:01]} fxe4 {[%emt 0:00:06]} 30. dxe4 {[%emt 0:00:05]} Bh4 {[%emt 0:00:10]} 31. Bxd4 {[%emt 0:00:02]} Kd7 {[%emt 0:00:05]} 32. Be3 {[%emt 0:00:02]} Rc8 {[%emt 0:00:05]} 33. Nc4 {[%emt 0:00:01]} Kc6 {[%emt 0:00:06]} 34. a6 {[%emt 0:00:02]} Re7 {[%emt 0:00:07]} 35. b7 {[%emt 0:00:04]} Rb8 {[%emt 0:00:02]} 36. Kf3 {[%emt 0:00:01]} Nd8 {[%emt 0:00:05]} 37. Nxd6 {[%emt 0:00:07]} Kxd6 {[%emt 0:00:05]} 38. Bxc5+ {[%emt 0:00:01]} Kd7 {[%emt 0:00:03]} 39. Rd1+ {[%emt 0:00:03]} Ke8 {[%emt 0:00:05]} 40. Bxe7 {[%emt 0:00:05]} Bxe7 {[%emt 0:00:03]} 41. Rxd8+ {[%emt 0:00:05]} Rxd8 {[%emt 0:00:01]} 42. a7 {[%emt 0:00:01]} Bf6 {[%emt 0:00:08]} 43. a8=Q {[%emt 0:00:03]} Bxa1 {[%emt 0:00:04]} 44. Qxd8+ {[%emt 0:00:01]} Kxd8 {[%emt 0:00:02]} 45. b8=Q+ {[%emt 0:00:01] W Nelles gibt auf W Nelles gibt auf W Nelles gibt auf (Lag: Av=0.72s, max=1.8s) (Lag: Av=0.72s, max=1.8s) (Lag: Av=0.72s, max=1.8s)} 1-0

[Event "Stay Safe Play From Home 422"]
[Site "Emanuel Lasker Arena"]
[Date "2020.08.30"]
[Round "1"]
[White "APConnection"]
[Black "Nguyen Hong Anh"]
[Result "0-1"]
[WhiteElo "1695"]
[BlackElo "2226"]
[PlyCount "59"]
[EventDate "2020.08.30"]
[EventType "swiss (blitz)"]

1. c4 {[%emt 0:00:07]} Nf6 {[%emt 0:00:28]} 2. Nc3 {[%emt 0:00:04]} d5 {[%emt 0:00:02]} 3. e3 {[%emt 0:00:01]} g6 {[%emt 0:00:06]} 4. Nf3 {[%emt 0:00:01]} Bg7 {[%emt 0:00:03]} 5. cxd5 {[%emt 0:00:03]} Nxd5 {[%emt 0:00:05]} 6. d4 {[%emt 0:00:02]} O-O {[%emt 0:00:02]} 7. Be2 {[%emt 0:00:03]} c5 {[%emt 0:00:02]} 8. O-O {[%emt 0:00:06]} Nc6 {[%emt 0:00:04]} 9. Nxd5 {[%emt 0:00:07]} Qxd5 {[%emt 0:00:05]} 10. dxc5 {[%emt 0:00:11]} Qxc5 {[%emt 0:00:14]} 11. Qb3 {[%emt 0:00:03]} b6 {[%emt 0:00:09]} 12. Qb5 {[%emt 0:00:23]} Qxb5 {[%emt 0:00:10]} 13. Bxb5 {[%emt 0:00:02]} Bb7 {[%emt 0:00:21]} 14. Rb1 {[%emt 0:00:18]} Nb4 {[%emt 0:00:06]} 15. a3 {[%emt 0:00:03]} Be4 {[%emt 0:00:04]} 16. Ra1 {[%emt 0:00:27]} Nc2 {[%emt 0:00:05]} 17. Ra2 {[%emt 0:00:01]} Bd5 {[%emt 0:00:02]} 18. Ba4 {[%emt 0:00:15]} Nxe3 {[%emt 0:00:06]} 19. b3 {[%emt 0:00:11]} Nxf1 {[%emt 0:00:04]} 20. Kxf1 {[%emt 0:00:00]} Rac8 {[%emt 0:00:02]} 21. Be3 {[%emt 0:00:02]} Rc3 {[%emt 0:00:05]} 22. Nd4 {[%emt 0:00:11]} Rfc8 {[%emt 0:00:06]} 23. Rb2 {[%emt 0:00:08]} a6 {[%emt 0:00:05]} 24. b4 {[%emt 0:00:03]} Rxa3 {[%emt 0:00:02]} 25. Bd1 {[%emt 0:00:07]} Ra1 {[%emt 0:00:02]} 26. Ke2 {[%emt 0:00:02]} Bc4+ {[%emt 0:00:02]} 27. Kd2 {[%emt 0:00:01]} Rd8 {[%emt 0:00:02]} 28. Kc3 {[%emt 0:00:07]} Rxd1 {[%emt 0:00:03]} 29. Kxc4 {[%emt 0:00:01]} Bxd4 {[%emt 0:00:01]} 30. Bxd4 {[%emt 0:00:01] APConnection gibt auf APConnection gibt auf APConnection gibt auf (Lag: Av=1.21s, max=2.0s) (Lag: Av=1.21s, max=2.0s) (Lag: Av=1.21s, max=2.0s)} 0-1

[Event "Stay Safe Play From Home 422"]
[Site "Emanuel Lasker Arena"]
[Date "2020.08.30"]
[Round "1"]
[White "Timbre"]
[Black "Dukic"]
[Result "1-0"]
[WhiteElo "1590"]
[BlackElo "1886"]
[Annotator "NA"]
[PlyCount "81"]
[EventDate "2020.08.30"]
[EventType "swiss (blitz)"]

1. d4 {[%emt 0:00:04]} Nf6 {[%emt 0:00:03]} 2. Nf3 {[%emt 0:00:01]} b6 {[%emt 0:00:02]} 3. c3 {[%emt 0:00:01]} Bb7 {[%emt 0:00:01]} 4. Bf4 {[%emt 0:00:01]} d6 {[%emt 0:00:02]} 5. e3 {[%emt 0:00:01]} Nbd7 {[%emt 0:00:01]} 6. Be2 {[%emt 0:00:01]} Nh5 {[%emt 0:00:02]} 7. Bg3 {[%emt 0:00:03]} g6 {[%emt 0:00:02]} 8. Nbd2 {[%emt 0:00:03]} Bg7 {[%emt 0:00:02]} 9. O-O {[%emt 0:00:03]} O-O {[%emt 0:00:01]} 10. a3 {[%emt 0:00:02]} e5 {[%emt 0:00:05]} 11. dxe5 {[%emt 0:00:02]} dxe5 {[%emt 0:00:02]} 12. Qc2 {[%emt 0:00:06]} f5 {[%emt 0:00:08]} 13. Rad1 {[%emt 0:00:07]} Qe7 {[%emt 0:00:02]} 14. Bc4+ {[%emt 0:00:06]} Kh8 {[%emt 0:00:02]} 15. Bh4 {[%emt 0:00:04]} Ndf6 {[%emt 0:00:29]} 16. Bxf6 {[%emt 0:00:03]} Nxf6 {[%emt 0:00:07]} 17. Be2 {[%emt 0:00:02]} h6 {[%emt 0:00:12]} 18. Rfe1 {[%emt 0:00:01]} Rad8 {[%emt 0:00:02]} 19. Nc4 {[%emt 0:00:04]} Ne4 {[%emt 0:00:05]} 20. Rxd8 {[%emt 0:00:04]} Rxd8 {[%emt 0:00:02]} 21. Rd1 {[%emt 0:00:02]} Nd6 {[%emt 0:00:20]} 22. Nxd6 {[%emt 0:00:03]} Rxd6 {[%emt 0:00:11]} 23. Rxd6 {[%emt 0:00:03]} Qxd6 {[%emt 0:00:01]} 24. h3 {[%emt 0:00:01]} Kh7 {[%emt 0:00:20]} 25. Qb3 {[%emt 0:00:08]} c5 {[%emt 0:00:10]} 26. Qf7 {[%emt 0:00:08]} Bd5 {[%emt 0:00:14]} 27. Qxa7 {[%emt 0:00:07]} e4 {[%emt 0:00:01]} 28. Nh2 {[%emt 0:00:08]} Bb3 {[%emt 0:00:10]} 29. Qa6 {[%emt 0:00:10]} h5 {[%emt 0:00:12]} 30. Nf1 {[%emt 0:00:07]} Bc2 {[%emt 0:00:07]} 31. Bc4 {[%emt 0:00:05]} Kh6 {[%emt 0:00:18]} 32. Ng3 {[%emt 0:00:11]} Be5 {[%emt 0:00:02]} 33. Nf1 {[%emt 0:00:09]} h4 {[%emt 0:00:05]} 34. Qc8 {[%emt 0:00:04] Timbre offers a draw Timbre offers a draw Timbre offers a draw} Bd3 {[%emt 0:00:27]} 35. Bxd3 {[%emt 0:00:12]} Qxd3 {[%emt 0:00:11]} 36. Qf8+ {[%emt 0:00:04]} Bg7 {[%emt 0:00:03]} 37. Qe7 {[%emt 0:00:04]} g5 {[%emt 0:00:09]} 38. Qe6+ {[%emt 0:00:05]} Kh5 {[%emt 0:00:07]} 39. Qxf5 {[%emt 0:00:02]} Qb1 {[%emt 0:00:06]} 40. Qh7+ {[%emt 0:00:03]} Bh6 {[%emt 0:00:01]} 41. Qf7# {[%emt 0:00:02] (Lag: Av=0.35s, max=1.4s) (Lag: Av=0.35s, max=1.4s) (Lag: Av=0.35s, max=1.4s)} 1-0

[Event "Stay Safe Play From Home 422"]
[Site "Emanuel Lasker Arena"]
[Date "2020.08.30"]
[Round "1"]
[White "Chungaers"]
[Black "Sfantul321"]
[Result "0-1"]
[WhiteElo "1292"]
[BlackElo "1993"]
[Annotator "NA"]
[PlyCount "72"]
[EventDate "2020.08.30"]
[EventType "swiss (blitz)"]

1. e4 {[%emt 0:00:00]} g6 {[%emt 0:00:01]} 2. d4 {[%emt 0:00:02]} Bg7 {[%emt 0:00:01]} 3. Ne2 {[%emt 0:00:01]} d6 {[%emt 0:00:01]} 4. g3 {[%emt 0:00:01]} Nf6 {[%emt 0:00:00]} 5. Bg2 {[%emt 0:00:01]} O-O {[%emt 0:00:01]} 6. O-O {[%emt 0:00:01]} Nc6 {[%emt 0:00:03]} 7. Nbc3 {[%emt 0:00:02]} Bg4 {[%emt 0:00:04]} 8. f3 {[%emt 0:00:01]} Bd7 {[%emt 0:00:02]} 9. Bg5 {[%emt 0:00:09]} e5 {[%emt 0:00:02]} 10. d5 {[%emt 0:00:02]} Ne7 {[%emt 0:00:02]} 11. Qd2 {[%emt 0:00:04]} Qc8 {[%emt 0:00:03]} 12. Bh6 {[%emt 0:00:05]} Bh3 {[%emt 0:00:03]} 13. Bxg7 {[%emt 0:00:02]} Kxg7 {[%emt 0:00:01]} 14. f4 {[%emt 0:00:07]} Bxg2 {[%emt 0:00:02]} 15. Kxg2 {[%emt 0:00:03]} exf4 {[%emt 0:00:04]} 16. Qxf4 {[%emt 0:00:16]} Ng4 {[%emt 0:00:05]} 17. h3 {[%emt 0:00:06]} h5 {[%emt 0:00:16]} 18. hxg4 {[%emt 0:00:10]} f6 {[%emt 0:00:05]} 19. gxh5 {[%emt 0:00:02]} g5 {[%emt 0:00:01]} 20. Qf3 {[%emt 0:00:09]} g4 {[%emt 0:00:03]} 21. Qf4 {[%emt 0:00:03]} Ng8 {[%emt 0:00:05]} 22. Rh1 {[%emt 0:00:08]} Nh6 {[%emt 0:00:02]} 23. Nd4 {[%emt 0:00:05]} Kh7 {[%emt 0:00:08]} 24. Nf5 {[%emt 0:00:03]} Nf7 {[%emt 0:00:11]} 25. Ne7 {[%emt 0:00:08]} Qd7 {[%emt 0:00:05]} 26. Qxf6 {[%emt 0:00:03]} Ne5 {[%emt 0:00:05]} 27. Qg5 {[%emt 0:00:18]} Rf7 {[%emt 0:00:01]} 28. Nf5 {[%emt 0:00:04]} Rh8 {[%emt 0:00:24]} 29. Raf1 {[%emt 0:00:11]} Qd8 {[%emt 0:00:02]} 30. Qh6+ {[%emt 0:00:05]} Kg8 {[%emt 0:00:01]} 31. Qg6+ {[%emt 0:00:05]} Kf8 {[%emt 0:00:02]} 32. Nh6 {[%emt 0:00:08]} Nxg6 {[%emt 0:00:01]} 33. Rxf7+ {[%emt 0:00:07]} Ke8 {[%emt 0:00:01]} 34. hxg6 {[%emt 0:00:04]} Qg5 {[%emt 0:00:02]} 35. g7 {[%emt 0:00:16]} Rxh6 {[%emt 0:00:16]} 36. Rxh6 {[%emt 0:00:05]} Kxf7 {[%emt 0:00:05] TimeW TimeW TimeW} 0-1

[Event "Stay Safe Play From Home 422"]
[Site "Emanuel Lasker Arena"]
[Date "2020.08.30"]
[Round "1"]
[White "KING o KONG"]
[Black "Padmaesh M K"]
[Result "0-1"]
[WhiteElo "1206"]
[BlackElo "1778"]
[Annotator "NA"]
[PlyCount "106"]
[EventDate "2020.08.30"]
[EventType "swiss (blitz)"]

1. d3 {[%emt 0:00:02]} c5 {[%emt 0:00:01]} 2. e4 {[%emt 0:00:02]} d5 {[%emt 0:00:01]} 3. Bd2 {[%emt 0:00:02]} dxe4 {[%emt 0:00:01]} 4. dxe4 {[%emt 0:00:02]} e5 {[%emt 0:00:00]} 5. Bd3 {[%emt 0:00:03]} Nc6 {[%emt 0:00:00]} 6. c3 {[%emt 0:00:03]} Nf6 {[%emt 0:00:01]} 7. Ne2 {[%emt 0:00:01]} Be7 {[%emt 0:00:02]} 8. g3 {[%emt 0:00:06]} O-O {[%emt 0:00:00]} 9. Be3 {[%emt 0:00:09]} Bg4 {[%emt 0:00:06]} 10. Nd2 {[%emt 0:00:02]} Qxd3 {[%emt 0:00:02]} 11. h3 {[%emt 0:00:04]} Bxe2 {[%emt 0:00:07]} 12. Qxe2 {[%emt 0:00:02]} Qxe2+ {[%emt 0:00:00]} 13. Kxe2 {[%emt 0:00:01]} Rad8 {[%emt 0:00:02]} 14. Rad1 {[%emt 0:00:04]} Rd7 {[%emt 0:00:01]} 15. Nf3 {[%emt 0:00:02]} Rfd8 {[%emt 0:00:01]} 16. Ng5 {[%emt 0:00:06]} h6 {[%emt 0:00:02]} 17. Nf3 {[%emt 0:00:02]} Rxd1 {[%emt 0:00:03]} 18. Rxd1 {[%emt 0:00:02]} Rxd1 {[%emt 0:00:00]} 19. Kxd1 {[%emt 0:00:01]} Kf8 {[%emt 0:00:00]} 20. Ke2 {[%emt 0:00:02]} Ke8 {[%emt 0:00:01]} 21. Ke1 {[%emt 0:00:02]} Nxe4 {[%emt 0:00:01]} 22. Ke2 {[%emt 0:00:03]} c4 {[%emt 0:00:01]} 23. Bxa7 {[%emt 0:00:03]} Nxa7 {[%emt 0:00:03]} 24. Nxe5 {[%emt 0:00:04]} Nc6 {[%emt 0:00:04]} 25. Nxc6 {[%emt 0:00:03]} bxc6 {[%emt 0:00:01]} 26. Ke3 {[%emt 0:00:02]} Nd6 {[%emt 0:00:01]} 27. f4 {[%emt 0:00:02]} Kd7 {[%emt 0:00:01]} 28. g4 {[%emt 0:00:02]} h5 {[%emt 0:00:01]} 29. gxh5 {[%emt 0:00:03]} Ke6 {[%emt 0:00:01]} 30. a4 {[%emt 0:00:04]} Kd5 {[%emt 0:00:01]} 31. a5 {[%emt 0:00:01]} Ne8 {[%emt 0:00:03]} 32. a6 {[%emt 0:00:01]} Nf6 {[%emt 0:00:01]} 33. a7 {[%emt 0:00:01]} Bc5+ {[%emt 0:00:01]} 34. Kf3 {[%emt 0:00:04]} Bxa7 {[%emt 0:00:00]} 35. Kg3 {[%emt 0:00:13]} Nxh5+ {[%emt 0:00:03]} 36. Kg4 {[%emt 0:00:01]} Nf6+ {[%emt 0:00:00]} 37. Kf3 {[%emt 0:00:01]} Ke6 {[%emt 0:00:02] KING o KONG offers a draw KING o KONG offers a draw KING o KONG offers a draw} 38. Kg3 {[%emt 0:00:19]} Kf5 {[%emt 0:00:00]} 39. Kf3 {[%emt 0:00:01]} Ne4 {[%emt 0:00:02]} 40. Ke2 {[%emt 0:00:03]} Kxf4 {[%emt 0:00:01]} 41. Kd1 {[%emt 0:00:04]} Kf3 {[%emt 0:00:02]} 42. Kc2 {[%emt 0:00:01]} Ke3 {[%emt 0:00:01]} 43. b3 {[%emt 0:00:01]} cxb3+ {[%emt 0:00:01]} 44. Kxb3 {[%emt 0:00:01]} Kd3 {[%emt 0:00:01]} 45. c4 {[%emt 0:00:02]} c5 {[%emt 0:00:01]} 46. h4 {[%emt 0:00:04]} Nd2+ {[%emt 0:00:02]} 47. Kb2 {[%emt 0:00:03]} Nxc4+ {[%emt 0:00:00]} 48. Kb3 {[%emt 0:00:04]} Nd2+ {[%emt 0:00:00]} 49. Kb2 {[%emt 0:00:01]} c4 {[%emt 0:00:00]} 50. Kc1 {[%emt 0:00:02]} c3 {[%emt 0:00:00]} 51. h5 {[%emt 0:00:03]} c2 {[%emt 0:00:01]} 52. h6 {[%emt 0:00:01]} Kc3 {[%emt 0:00:01]} 53. h7 {[%emt 0:00:01]} Nb3# {[%emt 0:00:00] Mate Mate Mate} 0-1

[Event "Stay Safe Play From Home 422"]
[Site "Emanuel Lasker Arena"]
[Date "2020.08.30"]
[Round "2"]
[White "Nguyen Hong Anh"]
[Black "Haris kollari 13"]
[Result "1/2-1/2"]
[WhiteElo "2228"]
[BlackElo "1933"]
[Annotator "NA"]
[PlyCount "127"]
[EventDate "2020.08.30"]
[EventType "swiss (blitz)"]

1. d4 {[%emt 0:00:10]} d5 {[%emt 0:00:01]} 2. c4 {[%emt 0:00:01]} e5 {[%emt 0:00:01]} 3. dxe5 {[%emt 0:00:02]} d4 {[%emt 0:00:01]} 4. Nf3 {[%emt 0:00:02]} Nc6 {[%emt 0:00:01]} 5. a3 {[%emt 0:00:02]} Bg4 {[%emt 0:00:01]} 6. Nbd2 {[%emt 0:00:03]} Qe7 {[%emt 0:00:04]} 7. g3 {[%emt 0:00:19]} Nxe5 {[%emt 0:00:01]} 8. Nxe5 {[%emt 0:00:15]} Qxe5 {[%emt 0:00:02]} 9. Bg2 {[%emt 0:00:20]} d3 {[%emt 0:00:07]} 10. Bxb7 {[%emt 0:00:04]} Bxe2 {[%emt 0:00:08]} 11. Qa4+ {[%emt 0:00:02]} Kd8 {[%emt 0:00:02]} 12. Ne4 {[%emt 0:00:01]} Rb8 {[%emt 0:00:23]} 13. Qxa7 {[%emt 0:00:06]} Rxb7 {[%emt 0:00:04]} 14. Qxb7 {[%emt 0:00:02]} Bf3 {[%emt 0:00:01]} 15. Qb8+ {[%emt 0:00:13]} Ke7 {[%emt 0:00:02]} 16. Be3 {[%emt 0:00:08]} Bxh1 {[%emt 0:00:04]} 17. O-O-O {[%emt 0:00:24]} Bxe4 {[%emt 0:00:03]} 18. Qb4+ {[%emt 0:00:05]} Kd7 {[%emt 0:00:17]} 19. Qxf8 {[%emt 0:00:04]} g6 {[%emt 0:00:02]} 20. Bf4 {[%emt 0:00:08]} Qf6 {[%emt 0:00:16]} 21. f3 {[%emt 0:00:08]} Ne7 {[%emt 0:00:08]} 22. Qh6 {[%emt 0:00:05]} Bf5 {[%emt 0:00:07]} 23. g4 {[%emt 0:00:03]} Be6 {[%emt 0:00:11]} 24. Rxd3+ {[%emt 0:00:03]} Kc8 {[%emt 0:00:11]} 25. Bg5 {[%emt 0:00:02]} Qe5 {[%emt 0:00:09]} 26. Bxe7 {[%emt 0:00:01]} Bxc4 {[%emt 0:00:08]} 27. Qe3 {[%emt 0:00:16]} Qxe3+ {[%emt 0:00:09]} 28. Rxe3 {[%emt 0:00:02]} Re8 {[%emt 0:00:01]} 29. Kc2 {[%emt 0:00:04]} Kd7 {[%emt 0:00:01]} 30. Bg5 {[%emt 0:00:02]} Rxe3 {[%emt 0:00:09]} 31. Bxe3 {[%emt 0:00:00]} Be2 {[%emt 0:00:01]} 32. g5 {[%emt 0:00:04]} Bxf3 {[%emt 0:00:01]} 33. Kc3 {[%emt 0:00:01]} Kc6 {[%emt 0:00:06]} 34. Kd4 {[%emt 0:00:02]} Bd1 {[%emt 0:00:04]} 35. Ke5 {[%emt 0:00:02]} Bb3 {[%emt 0:00:05]} 36. Kf6 {[%emt 0:00:01]} Kd5 {[%emt 0:00:01]} 37. Bd2 {[%emt 0:00:10]} Ke4 {[%emt 0:00:02]} 38. Kg7 {[%emt 0:00:03]} Kf3 {[%emt 0:00:04]} 39. Kxh7 {[%emt 0:00:05]} Kg2 {[%emt 0:00:03]} 40. Bf4 {[%emt 0:00:02]} c6 {[%emt 0:00:01]} 41. Kg7 {[%emt 0:00:01]} Kh3 {[%emt 0:00:01]} 42. Kf6 {[%emt 0:00:03]} Kg4 {[%emt 0:00:01]} 43. Bd2 {[%emt 0:00:02]} Kh3 {[%emt 0:00:01]} 44. Bf4 {[%emt 0:00:03]} Kg4 {[%emt 0:00:01]} 45. Bg3 {[%emt 0:00:02]} Kf3 {[%emt 0:00:04]} 46. Ke5 {[%emt 0:00:02]} Kg4 {[%emt 0:00:04]} 47. Bf4 {[%emt 0:00:08]} Ba4 {[%emt 0:00:02]} 48. b4 {[%emt 0:00:06]} Bb5 {[%emt 0:00:02]} 49. Bc1 {[%emt 0:00:03]} Kh3 {[%emt 0:00:02]} 50. Kd6 {[%emt 0:00:03]} Kxh2 {[%emt 0:00:01]} 51. Kc7 {[%emt 0:00:01]} Kg3 {[%emt 0:00:02]} 52. Kb6 {[%emt 0:00:01]} Ba4 {[%emt 0:00:01]} 53. Ka5 {[%emt 0:00:02]} Bb5 {[%emt 0:00:06]} 54. a4 {[%emt 0:00:01]} Bd3 {[%emt 0:00:02]} 55. b5 {[%emt 0:00:01]} cxb5 {[%emt 0:00:02]} 56. axb5 {[%emt 0:00:00]} Kg4 {[%emt 0:00:02]} 57. b6 {[%emt 0:00:01]} Be4 {[%emt 0:00:01]} 58. Ka6 {[%emt 0:00:01]} Kf5 {[%emt 0:00:01]} 59. b7 {[%emt 0:00:04]} Bxb7+ {[%emt 0:00:01]} 60. Kxb7 {[%emt 0:00:00]} f6 {[%emt 0:00:01]} 61. gxf6 {[%emt 0:00:01]} Kxf6 {[%emt 0:00:01]} 62. Kc6 {[%emt 0:00:00]} g5 {[%emt 0:00:00]} 63. Kd5 {[%emt 0:00:01]} Kf5 {[%emt 0:00:01]} 64. Bxg5 {[%emt 0:00:02] (Lag: Av=1.02s, max=1.6s) (Lag: Av=1.02s, max=1.6s) (Lag: Av=1.02s, max=1.6s)} 1/2-1/2